Carregando...

Ascomycete systematics

Detalhes bibliográficos
Autor principal: Reynolds, D.R
Formato: Printed Book
Idioma:Undetermined
English
Publicado em: New York Springer Verlag 1981
Assuntos:
LEADER 00549nam a2200181Ia 4500
008 140306s9999 xx 000 0 und d
041 |a eng 
082 |a 589.2  |b REY/AS 
100 |a Reynolds, D.R 
245 |a Ascomycete systematics 
260 |a New York  |b Springer Verlag  |c 1981 
300 |a 242 
365 |b Rs.80 
650 |a Fungi 
650 |a mycology 
942 |2 ddc  |c BK 
999 |c 109790  |d 109790 
952 |0 0  |1 0  |2 ddc  |4 0  |6 589_200000000000000_REYAS  |7 0  |9 107225  |a KAUHCV  |b KAUHCV  |d 2004-03-26  |g 80.00  |o 589.2 REY/AS  |p KAU_HCV-18680  |r 2014-03-22  |w 2014-03-22  |y BK